000 00476nam a2200193Ia 4500
005 20250326142228.0
008 250326s9999 xx 000 0 und d
037 _aTextbook
040 _aFMSL
_beng
_cFMSL
041 _aeng
_2eng
084 _qFMSL
100 _aBennis W G
_9736321
245 0 _aChanging organizations TMH
_cBennis W G
250 _aE D
260 _aTata
_bTata, McGraw Hill
_c1966
300 _a233p
942 _cTB
999 _c1294038
_d1294038